|
|
|
|
| LEADER |
00000nam0a2200000 4500 |
| 001 |
283553 |
| 005 |
20231101235616.0 |
| 020 |
|
|
|a RU
|b 84-67122
|
| 035 |
|
|
|a (RuTPU)RU\TPU\book\307671
|
| 090 |
|
|
|a 283553
|
| 100 |
|
|
|a 20150209d1984 m y0rusy5003 ca
|
| 101 |
0 |
|
|a rus
|
| 102 |
|
|
|a RU
|
| 105 |
|
|
|a a j 000zy
|
| 200 |
1 |
|
|a Теория обработки металлов давлением. Сборник задач и упражнений
|e учебное пособие для вузов
|f В. А. Евстратов
|
| 210 |
|
|
|a Харьков
|c Вища школа
|d 1984
|
| 215 |
|
|
|a 103 с.
|c ил.
|d 22 см
|
| 606 |
1 |
|
|a Металлообработка давлением
|2 stltpush
|3 (RuTPU)RU\TPU\subj\72676
|9 86085
|
| 610 |
1 |
|
|a металлы
|
| 610 |
1 |
|
|a обработка давлением
|
| 610 |
1 |
|
|a механика сплошных сред
|
| 610 |
1 |
|
|a сплошные среды
|
| 610 |
1 |
|
|a физические основы
|
| 610 |
1 |
|
|a контактное трение
|
| 610 |
1 |
|
|a пластическая деформация
|
| 610 |
1 |
|
|a задачи
|
| 610 |
1 |
|
|a упражнения
|
| 610 |
1 |
|
|a типовые решения
|
| 610 |
1 |
|
|a учебные пособия
|
| 675 |
|
|
|a 621.73(076)
|z rus
|v 4
|
| 700 |
|
1 |
|a Евстратов
|b В. А.
|g Виталий Алексеевич
|
| 801 |
|
0 |
|a RU
|b RuMRKP
|c 19950704
|g psbo
|
| 801 |
|
1 |
|a RU
|b 63413507
|c 20150209
|
| 801 |
|
2 |
|a RU
|b 63413507
|c 20180216
|g RCR
|
| 942 |
|
|
|c BK
|